The achievement zone/ (Record no. 790)

000 -LEADER
fixed length control field 00368nam a22001571a 4500
020 ## - INTERNATIONAL STANDARD BOOK NUMBER
ISBN 9780425156223
082 ## - DEWEY DECIMAL CLASSIFICATION NUMBER
Classification number 158.1
Item number SHA/A
100 ## - MAIN ENTRY--AUTHOR NAME
Personal name Shane Murphy
245 ## - TITLE STATEMENT
Title The achievement zone/
Statement of responsibility, etc by Shane Murphy
260 ## - PUBLICATION, DISTRIBUTION, ETC. (IMPRINT)
Place of publication New York:
Name of publisher Berkley,
Year of publication 1997.
300 ## - PHYSICAL DESCRIPTION
Number of Pages 262p.
650 ## - SUBJECT ADDED ENTRY--TOPICAL TERM
Topical Term Achievement
650 ## - SUBJECT ADDED ENTRY--TOPICAL TERM
Topical Term Applied Psychology
650 ## - SUBJECT ADDED ENTRY--TOPICAL TERM
Topical Term Psychology
942 ## - ADDED ENTRY ELEMENTS (KOHA)
Koha item type Book
Holdings
Withdrawn status Lost status Damaged status Not for loan Permanent Location Current Location Date acquired Cost, normal purchase price Full call number Accession Number Cost, replacement price Price effective from Koha item type
        Sree Sankaracharya University of Sanskrit Sree Sankaracharya University of Sanskrit 08.01.2015 442.25 158.1 SHA/A 051399 0.00 08.01.2015 Book